Game theory : (Record no. 22774)

MARC details
000 -LEADER
fixed length control field 01539cam a2200325 i 4500
001 - CONTROL NUMBER
control field 18693503
003 - CONTROL NUMBER IDENTIFIER
control field EG-ScBUE
005 - DATE AND TIME OF LATEST TRANSACTION
control field 20241107103518.0
008 - FIXED-LENGTH DATA ELEMENTS--GENERAL INFORMATION
fixed length control field 150709t2015 njua f b 001 0 eng d
020 ## - INTERNATIONAL STANDARD BOOK NUMBER
International Standard Book Number 9789814623650
020 ## - INTERNATIONAL STANDARD BOOK NUMBER
International Standard Book Number 9814623652
040 ## - CATALOGING SOURCE
Original cataloging agency THD
Language of cataloging eng
Description conventions rda
Transcribing agency THD
Modifying agency DLC
-- EG-ScBUE
082 04 - DEWEY DECIMAL CLASSIFICATION NUMBER
Classification number 519.3
Item number KEI
Edition number 22
100 1# - MAIN ENTRY--PERSONAL NAME
Personal name Keiding, Hans,
Dates associated with a name 1945-
Relator term author
245 10 - TITLE STATEMENT
Title Game theory :
Remainder of title a comprehensive introduction /
Statement of responsibility, etc Hans Keiding, University of Copenhagen, Denmark.
264 #1 - PUBLICATION, DISTRIBUTION, ETC. (IMPRINT)
Place of publication, distribution, etc New Jersey :
Name of publisher, distributor, etc World Scientific,
Date of publication, distribution, etc [2015]
264 #4 - PUBLICATION, DISTRIBUTION, ETC. (IMPRINT)
Date of publication, distribution, etc c2015
300 ## - PHYSICAL DESCRIPTION
Extent x, 308 pages :
Other physical details illustrations ;
Dimensions 26 cm
336 ## - CONTENT TYPE
Source rdacontent
Content type term text
Content type code txt
337 ## - MEDIA TYPE
Media type term unmediated
Source rdamedia
Media type code n
338 ## - CARRIER TYPE
Carrier type term volume
Carrier type code nc
Source rdacarrier
504 ## - BIBLIOGRAPHY, ETC. NOTE
Bibliography, etc Includes bibliographical references and index.<br/>
505 0# - FORMATTED CONTENTS NOTE
Formatted contents note 1. Introduction -- 2. Two person zero-sum games -- 3. Applications of minimax theory -- 4. Solutions for general non-cooperative games -- 5. More about nash equilibria -- 6. Games with incomplete information -- 7. Choosing among nash equilibria -- 8. Repeated games -- 9. Selected topics in non-cooperative games -- 10. Introduction to cooperative games -- 11. Bargaining -- 12. TU games: classical solutions -- 13. TU games: other solutions -- 14. Solutions of NTU games: the core -- 15. Values of NTU games -- 16. The theory of game forms.
650 #7 - SUBJECT ADDED ENTRY--TOPICAL TERM
Topical term or geographic name as entry element Game theory.
Source of heading or term BUEsh
9 (RLIN) 3340
651 ## - SUBJECT ADDED ENTRY--GEOGRAPHIC NAME
Source of heading or term BUEsh
653 ## - INDEX TERM--UNCONTROLLED
Resource For college BAEPS, Business Administration
Arrived date list October2016
653 ## - INDEX TERM--UNCONTROLLED
Resource For college BAEPS, Economics
Arrived date list November2016
655 ## - INDEX TERM--GENRE/FORM
Form subdivision Reading book
942 ## - ADDED ENTRY ELEMENTS (KOHA)
Source of classification or shelving scheme Dewey Decimal Classification
Koha item type Book - Borrowing
Holdings
Withdrawn status Lost status Source of classification or shelving scheme Damaged status Not for loan Collection code Home library Current library Shelving location Date acquired Source of acquisition Cost, normal purchase price Serial Enumeration / chronology Total Checkouts Total Renewals Full call number Barcode Date last seen Date checked out Cost, replacement price Price effective from Koha item type
    Dewey Decimal Classification     Baccah Central Library Central Library First floor 23/10/2016 Purchase 750.00 25846 2 18 519.3 KEI 000034441 15/07/2025 04/10/2018 937.50 23/10/2016 Book - Borrowing
    Dewey Decimal Classification     Baccah Central Library Central Library First floor 10/11/2016 Purchase 750.00 25140 1 6 519.3 KEI 000045097 15/07/2025 09/11/2017 937.50 10/11/2016 Book - Borrowing